000 00445nam a2200157Ia 4500
003 OSt
005 20200127125223.0
008 190216s9999||||xx |||||||||||||| ||und||
040 _coclc
082 _a657.45
_bVAR/P
100 _aVarma, M M
_9585
245 0 _aPractical Auditing /
_cM M Varma ; R K Agarwal
260 _bKing`S Books,
_c2000.
_aDelhi:
300 _a223p
942 _cBK
_2ddc
_h657.45
_iVAR/P
_k657.45
_mVAR/P
999 _c5815
_d5815